000 00713nam a2200169Ia 4500
008 090124s9999 xx 000 0 und d
082 _b100038
100 _aगोगटे चिंतामण गं.
245 _a" औरंगजेब बादशहाचे चरित्र, उत्तरभाग"
250 _a1
300 _a3+214
600 _aगोगटे चिंतामण गं.
630 _a" औरंगजेब बादशहाचे चरित्र, उत्तरभाग"
700 _aगोगटे चिंतामण गं.
730 _a" औरंगजेब बादशहाचे चरित्र, उत्तरभाग"
942 _cBOOK
999 _c146110
_d146110